Parappurath (study)/ (Record no. 33477)

000 -LEADER
fixed length control field 00344nam a22001211a 4500
082 ## - DEWEY DECIMAL CLASSIFICATION NUMBER
Classification number M3007 PAN PAR
Item number GNP/P
100 ## - MAIN ENTRY--PERSONAL NAME
Personal name G N Panicker
9 (RLIN) 82135
245 ## - TITLE STATEMENT
Title Parappurath (study)/
Statement of responsibility, etc. by G N Panicker
260 ## - PUBLICATION, DISTRIBUTION, ETC.
Place of publication, distribution, etc. Kottayam:
Name of publisher, distributor, etc. Sahitya Pravartaka Co-operative Society,
Date of publication, distribution, etc. 1983.
300 ## - PHYSICAL DESCRIPTION
Extent 236p.
650 ## - SUBJECT ADDED ENTRY--TOPICAL TERM
Topical term or geographic name entry element Novel Malayalam Study
9 (RLIN) 82136
942 ## - ADDED ENTRY ELEMENTS (KOHA)
Koha item type Book
Holdings
Withdrawn status Lost status Damaged status Not for loan Permanent Location Current Location Date acquired Cost, normal purchase price Total Checkouts Full call number Barcode Date last seen Cost, replacement price Price effective from Koha item type
        Sree Sankaracharya University of Sanskrit Sree Sankaracharya University of Sanskrit 08.01.2015 16.50   M3007 GNP/P 000551 08.01.2015 0.00 08.01.2015 Book